000 01288nam a2200325 i 4500
001 000021618
003 DO-SdBNP
005 20260522093958.0
007 ta
008 100909s1953 cu ac 010 0 spa d
040 _aDO-SdBNP
_bspa
_cBNPHU
_erda
082 4 _a923.27291
_bM378r
_222
100 1 _aRodríguez Demorizi, Emilio,
_d1908-1986
_eautor
_91039
_4aut.
245 1 0 _aMartí en Santo Domingo /
_cEmilio Rodríguez Demorizi.
264 _aLa Habana :
_bUcar García,
_c1953.
300 _a621 páginas :
_bilustraciones, retratos ;
_c24 cm.
336 _atexto
_btxt
_2rdacotent
337 _asin mediación
_bn
_2rdamedia
338 _avolumen
_bnc
_2rdacarrier
500 _aCentenario de José Martí. Homenaje de la República Dominicana.
500 _aIncluye "Cronología Dominicana de Martí".
500 _aIncluye notas al pie de las páginas e índice de personas y lugares.
590 _aPerteneció a la biblioteca personal de Juan Isidro Jimenes Grullón.
600 1 0 _aMartí, José,
_d1853-1895
_9645
651 4 _aCuba
_xHistoria
_y1810-1899
_92159
651 4 _aCuba
_xHistoria
_yGUERRA DE INDEPENDENCIA, 1895-1898
_911019
651 0 _aRepública Dominicana --
_xHistoria --
_y1844-1930
_91009
910 _aValidado. Control de calidad EMS.
942 _2ddc
_cLBS1
999 _c21117
_d21117